Vyučovanie obchodných rokovaní v španielskom jazyku

Informácie o pripravovanej učebnice, ktorá sa bude používať na vyučovaní predmetu Obchodné rokovania v španielskom jazyku na Fakulte aplikovaných jazykov a Fakulte medzinárodných vzťahov Ekonomickej univerzity v Bratislave.

Na minha lista:
Detalhes bibliográficos
Autor principal: Sánchez Presa, Mónica
Formato: Capítulo de Livro
Idioma:eslovaco
Assuntos:
Tags: Adicionar Tag
Sem tags, seja o primeiro a adicionar uma tag!

MARC

LEADER 00000nla a2200000 4500
001 0180100
005 20240502083423.6
041 0 |a slo 
044 |a CZ 
245 1 0 |a Vyučovanie obchodných rokovaní v španielskom jazyku  |c Mónica Sánchez Presa 
520 |a Informácie o pripravovanej učebnice, ktorá sa bude používať na vyučovaní predmetu Obchodné rokovania v španielskom jazyku na Fakulte aplikovaných jazykov a Fakulte medzinárodných vzťahov Ekonomickej univerzity v Bratislave. 
610 2 0 |a vzdelávanie vysokoškolské 
610 2 0 |a učebnice 
610 2 0 |a jazyky cudzie 
610 2 0 |a španielčina 
610 2 0 |a rokovania obchodné 
100 1 |a Sánchez Presa, Mónica